Detalles MARC
| 000 -CABECERA |
| campo de control de longitud fija |
00949nam a22002177a 4500 |
| 003 - IDENTIFICADOR DEL NÚMERO DE CONTROL |
| campo de control |
DO-SdBNP |
| 005 - FECHA Y HORA DE LA ÚLTIMA TRANSACCIÓN |
| campo de control |
20220713135938.0 |
| 007 - CAMPO FIJO DE DESCRIPCIÓN FÍSICA--INFORMACIÓN GENERAL |
| campo de control de longitud fija |
ta |
| 008 - DATOS DE LONGITUD FIJA--INFORMACIÓN GENERAL |
| campo de control de longitud fija |
220713b2020 |||adoc| |||| 001 0 spa d |
| 020 ## - NÚMERO INTERNACIONAL ESTÁNDAR DEL LIBRO |
| Número Internacional Estándar del Libro |
9789945612318 |
| 040 ## - FUENTE DE LA CATALOGACIÓN |
| Centro catalogador/agencia de origen |
DO-SdBNP |
| Lengua de catalogación |
spa |
| Centro/agencia transcriptor |
BNPHU |
| 082 4# - NÚMERO DE LA CLASIFICACIÓN DECIMAL DEWEY |
| Número de clasificación |
372.6 |
| Número de edición |
22 |
| Número de documento/Ítem |
O68i |
| 110 1# - ENTRADA PRINCIPAL--NOMBRE DE ENTIDAD CORPORATIVA |
| Nombre de entidad corporativa o nombre de jurisdicción como elemento de entrada |
Organización de Estados Iberoamericanos para la Educación, la Ciencia y la Cultura (CEI) |
| 9 (RLIN) |
81996 |
| 245 10 - MENCIÓN DE TÍTULO |
| Título |
Informe Ejecutivo del Plan Nacional de Alfabetización Quisqueya Aprende Contigo : |
| Resto del título |
análisis de resultados / |
| Mención de responsabilidad, etc. |
coordinadora Rita Monte de Ocas |
| 260 ## - PUBLICACIÓN, DISTRIBUCIÓN, ETC. |
| Lugar de publicación, distribución, etc. |
Santo Domingo : |
| Nombre del editor, distribuidor, etc. |
Quisqueya Aprende Contigo, |
| -- |
Dirección General de Programas Especiales de la Presidencia (DIGEPEP) |
| Fecha de publicación, distribución, etc. |
2020. |
| 300 ## - DESCRIPCIÓN FÍSICA |
| Extensión |
24 p. : |
| Otras características físicas |
il.; fots.; gráfcs; |
| Dimensiones |
28 cm |
| 590 ## - NOTA LOCAL (RLIN) |
| Nota local |
Inventariado, 2022 / SA |
| 650 4# - PUNTO DE ACCESO ADICIONAL DE MATERIA--TÉRMINO DE MATERIA |
| Término de materia o nombre geográfico como elemento de entrada |
Alfabetización |
| Subdivisión de forma |
Educación |
| Subdivisión general |
Informe |
| Subdivisión geográfica |
República Dominicana |
| 9 (RLIN) |
81997 |
| 700 1# - PUNTO DE ACCESO ADICIONAL--NOMBRE DE PERSONA |
| Nombre de persona |
Monte de Ocas, Rita |
| Término indicativo de función/relación |
coordinadora |
| 9 (RLIN) |
81998 |
| 942 ## - ELEMENTOS DE PUNTO DE ACCESO ADICIONAL (KOHA) |
| Fuente del sistema de clasificación o colocación |
Dewey Decimal Classification |
| Tipo de ítem Koha |
Folleto |